00697 2200265 4500001002100000005001500021035002000036007000300056008004100059020002200100082001200122084001800134100001800152245003600170250001000206260003100216300002500247500005200272650002200324700001900346700001800365504002600383990001100409990001100420INLIS00000000000340620090103032208 a0010-0109000069ta090103 g 0 ind  a978-602-6579-35-5 a297.721 a297.721 MUH k0 aMUHAMMAD, Ali1 aKisah Para Wali /cMuhammad Ali acet.1 aJakarta :bAl-Azhar,c2018 axi, 304 hlm ;c24 cm aJudul asli: Al-atqiya' al-akhfiya' al- ashfiya' 4aISLAM. KISAH WALI0 aUMAR, Mujtahid0 aARIF, Mahmudi aBibliografi: hlm. 304 a6599 a a6599 b